000 00857nam a2200265 a 4500
001 000012497
003 DO-SdBNP
005 20220307122936.0
007 000012497
008 091113s2006 dr a 001 j spa d
020 _z9945160206
040 _aBPMSU
_bspa
_cBPMSU
082 4 _aRD863.44
_bG934j
092 _b
100 1 _aGuerrero, Celio,
_d1951-
245 1 3 _aEl juez que se volvió loco ...y otros cuentos /
_cCelio Guerrero.
260 _aSanto Domingo :
_bBúho,
_c2006.
300 _a140 p. :
_bil. ;
_c22 cm.
500 _aIncluye datos biográficos del autor en la solapa de la cubierta
590 _aLa biblioteca posee dos ejemplares autografiados por el autor
650 4 _aCuentos infantiles dominicanos
650 4 _aLiteratura infantil dominicana
910 _aVMateo V./Validado. Control de calidad BNPHU
942 _2ddc
_cBK
999 _c7630
_d7630